| 000 | 00476nam a2200169 a 4500 | ||
|---|---|---|---|
| 001 | 000028168 | ||
| 005 | 20200930031415.0 | ||
| 008 | 110407s2011 dr 000 f spa d | ||
| 020 | _a9789945163872 | ||
| 040 |
_aDO-SdBNP _bspa _cBNPHU |
||
| 082 |
_axxxx _bP515j |
||
| 100 | 1 |
_aPeynado C., Héctor R. _d1949- _955166 |
|
| 245 | 1 | 0 |
_aJuego de amantes : _bNovela / _cHéctor R. Peynado C. |
| 260 |
_aSanto Domingo : _bBúho, _c2011. |
||
| 300 |
_a123 p. ; _c21 cm. |
||
| 049 | _aBNPD | ||
| 999 |
_c27660 _d27660 |
||